|
|
|
|
| LEADER |
00911nam a22001577a 4500 |
| 008 |
220103b |||||||| |||| 00| 0 eng d |
| 020 |
|
|
|a 8174931295
|
| 082 |
|
|
|2 22
|a 658.421
|
| 245 |
|
|
|a Entrepreneurial development:
|b Project formulation for small industry: Formulation apprisal and financing/
|c Vasant desai.
|h English
|
| 260 |
|
|
|a Bombay :
|b Himalaya Pub. House,
|c 1991.
|
| 300 |
|
|
|a xxvii,436p.:
|b 3 volumes : ill. ;
|c 23 cm.
|
| 505 |
|
|
|a v. 1. The entrepreneur, entrepreneurship and development, principles, programmes and policies --
v. 2. Project formulation for small industry, formulation --appraisal and financing --
v. 3. Institutional infrastructure, programmes and performance.
|
| 650 |
|
|
|v Businessmen.
|x Entrepreneurship.
|
| 942 |
|
|
|c BK
|
| 999 |
|
|
|c 364921
|d 364921
|
| 952 |
|
|
|0 0
|1 0
|2 ddc
|4 0
|6 658_421000000000000
|7 0
|9 425429
|a SDE
|b SDE
|c ST1
|d 2022-01-03
|g 2250.00
|i 993
|l 0
|o 658.421
|p SDE993
|r 2022-01-03
|w 2022-01-03
|y BK
|